Statistics for Guess the Countries by Unknown Category #8

Click here to take the quiz!

General Stats

  • This quiz has been taken 474 times
  • The average score is 16 of 21

Answer Stats

Distance Country % Correct
350United States
99%
123United Kingdom
94%
61France
93%
23Russia
90%
105Germany
90%
22Canada
88%
20Italy
87%
12Australia
83%
22Japan
83%
10India
79%
29Sweden
78%
13Norway
76%
19Netherlands
72%
12Poland
70%
25Switzerland
69%
21Austria
67%
14Denmark
67%
10Belgium
65%
10South Africa
53%
12Israel
33%
CATEGORY:# Nobel Prizes
18%

Score Distribution

Percentile by Number Answered

Percent of People with Each Score

Your Score History

You have not taken this quiz